00414cam a22001331 450000100100000000500170001000800410002704000250006808200170009310000280011024500630013826000460020130000330024700000097720200929145446.0750418s1948 nyua 000 0 eng  aDO-SdBNPbspacBNPHU a728.3bP857p1 aPost, Emilyd1872-1960.14aThe personality of a house :bthe blue book of home charm. aNew York :bFunk & Wagnalls Co.,c[1948]. axvi, 492 p. :bil. ;c24 cm.